000 00844nam0a22002531 4500
001 rc\2799123
005 20250529173909.0
035 _a(NLR Aleph) 006925148
090 _a7488952
_c7488952
100 _a20110915d1936 |||y0rusy50 ca
101 0 _arus
102 _aRU
105 _ac z |||||
200 1 _aМоя работа с пионерами
_fА. Симонова, вожатая пионерорг-ции 30-й школы Октябрск. района Москвы
210 _a[Москва]
_cМол. гвардия
_d1936
_gтип. "Дер эмес"
215 _aОбл., 46, [2] с.
_cпортр.
_d14х11 см.
300 _aОбл.: Б. Шварц
700 1 _aСимонова
_bА.
801 0 _aRU
_bNLR
_gpsbo
801 1 _aRU
_bELAR
_2rusmarc
852 _aNLR
_j36-8/480
942 _cBOOK
980 _aNB